Obálka Náhled e-knihy:
PDF Epub
Pro půjčování e-knih musíte být přihlášeni.
Jak si půjčit online?

Cristiano Ronaldo /

Příběh o fenomenálním fotbalistovi, který je všeobecně považován za jednoho z nejlepších hráčů všech dob.

Uloženo v:
Série:Hvězdy fotbalového hřiště, část
Hlavní autor: Coninx, Harry (Autor)
Další autoři: Jiříček, Petr (Autor)
Médium: E-kniha
Jazyk:Czech
Vydáno: V Praze : Fragment, 2023
Vydání:1. vydání
Edice:Hvězdy fotbalového hřiště
Témata:
Příbuzné jednotky:Přeloženo z: Tales from the pitch
Z cyklu:: Hvězdy fotbalového hřiště
Tagy:
Žádné tagy
LEADER 03540nam a2200757 i 4500
001 312153
003 CZ PrSKC
005 20260601215718.0
007 ta
008 231024s2023 xr b 000 jbcze
015 |a cnb003562576 
020 |a 9788025365595  |q (brožováno) :  |c Kč 229,00 
035 |a (OCoLC)1412781702 
040 |a ABG001  |b cze  |e rda 
041 1 |a cze  |h eng 
043 |a e-po--- 
045 |a x8y- 
072 7 |a 821.111-3  |x Anglická próza, anglicky psaná  |2 Konspekt 
072 7 |a 821-93  |x Literatura pro děti a mládež (beletrie)  |2 Konspekt 
080 |a 821.111-32  |2 MRF 
080 |a 821-93  |2 MRF 
080 |a 796.332.071.2  |2 MRF 
080 |a 796.332.056.24  |2 MRF 
080 |a 796.332  |2 MRF 
080 |a 929  |2 MRF 
080 |a (469)  |2 MRF 
080 |a (0:82-322.6)  |2 MRF 
100 1 |a Coninx, Harry  |7 jo20211127457  |4 aut 
240 1 0 |a Ronaldo.  |l Česky 
245 1 0 |a Cristiano Ronaldo /  |c Harry Coninx ; z anglického originálu Tales from the pitch - Ronaldo ... přeložil Petr Jiříček 
246 1 |i Název v tiráži:  |a Hvězdy fotbalového hřiště - Ronaldo 
246 1 4 |a Ronaldo 
250 |a 1. vydání 
264 1 |a V Praze :  |b Fragment,  |c 2023 
300 |a 141 stran ;  |c 20 cm 
336 |a text  |b txt  |2 rdacontent 
337 |a bez média  |b n  |2 rdamedia 
338 |a svazek  |b nc  |2 rdacarrier 
490 1 |a Hvězdy fotbalového hřiště 
520 2 |a Příběh o fenomenálním fotbalistovi, který je všeobecně považován za jednoho z nejlepších hráčů všech dob.  |b Cristiano Ronaldo je díky své brilantní technice a neutuchající vášni pro hru zbožňován miliony fotbalových fanoušků po celém světě. Jeho cesta na vrchol však vůbec nebyla snadná. Musel se potýkat s těžkými zraněními, neskutečně vysokými nároky i s nelítostným britským bulvárem. Nakladatelská anotace. Kráceno. 
521 8 |a Pro čtenáře od 7 let 
546 |a Český text 
600 1 7 |a Ronaldo, Cristiano,  |d 1985-  |7 xx0161225  |2 czenas 
648 7 |a 20.-21. století  |7 ch462155  |2 czenas 
650 0 7 |a fotbalisté  |7 ph114579  |z Portugalsko  |y 20.-21. století  |2 czenas 
650 0 7 |a fotbaloví útočníci  |7 ph114582  |z Portugalsko  |y 20.-21. století  |2 czenas 
650 0 7 |a fotbal  |7 ph114578  |y 20.-21. století  |2 czenas 
650 0 9 |a soccer players  |z Portugal  |y 20th-21st centuries  |2 eczenas 
650 0 9 |a soccer attackers  |z Portugal  |y 20th-21st centuries  |2 eczenas 
650 0 9 |a soccer  |y 20th-21st centuries  |2 eczenas 
655 7 |a anglické příběhy  |7 fd131813  |2 czenas 
655 7 |a biografické příběhy  |7 fd131953  |2 czenas 
655 7 |a publikace pro děti  |7 fd133156  |2 czenas 
655 9 |a English stories  |2 eczenas 
655 9 |a biographical stories  |2 eczenas 
655 9 |a children's literature  |2 eczenas 
700 1 |a Jiříček, Petr  |7 ola20191036003  |4 trl 
765 0 |t Tales from the pitch 
787 0 8 |i Z cyklu:  |t Hvězdy fotbalového hřiště 
830 0 |a Hvězdy fotbalového hřiště 
900 |a ABA001  |b 21 
928 9 |a Albatros Media - Fragment 
044 |a xr 
910 |a RBIT002 
998 |d 389851  |a https://core.palmknihy.cz/api/books/389851/cover?si7bhq  |b https://core.palmknihy.cz/api/books/389851/cover/400?si7bhq  |c https://core.palmknihy.cz/api/books/389851/cover/50?si7bhq  |e 2028-06-14  |g 144  |i 9788025365595  |j https://core.palmknihy.cz/api/books/389851/preview.epub  |k https://core.palmknihy.cz/api/books/389851/preview.pdf  |l   |q 49  |r 1  |s https://www.palmknihy.cz/kniha/389851  |t ebook  |y 2023  |z 0  |v Hvězdy fotbalového hřiště  |w 0 
999 |d 312151